| 000 | 00498nam a2200193Ia 4500 | ||
|---|---|---|---|
| 005 | 20250320050315.0 | ||
| 008 | 240331s9999 xx 000 0 und d | ||
| 020 | _a041504927X | ||
| 082 |
_a302.2 _bFIU _25189 |
||
| 100 | _aFiumara, G. C | ||
| 245 | 4 |
_aThe Other Side of Language: _bA Philosophy of Listening |
|
| 260 |
_aLondon; _aNew York, _bRoutledge _c1990 |
||
| 300 | _aviii, 231 p., | ||
| 650 | _aLanguage | ||
| 650 | _aPhilosophy | ||
| 650 | _aCulture | ||
| 650 | _aListening | ||
| 942 | _cL | ||
| 999 |
_c1093 _d1093 |
||